=LDR 00000nam 2200000 4500 =001 INLIS000000000009002 =005 20130612100827 =008 ***********************************Ind** =035 ##$$0010-061300000009002 =041 ##$$a Ind =082 ##$$a R.621.38103 =090 ##$$a R.621.38103, Sur-k =100 ##$$a Surazman, M =245 ##$$a Kamus elektronika Inggris-Indonesia, M. Suratman =260 ##$$a 2001 $b Bandung =300 ##$$a 388hlm., ilus., 24 cm =650 ##$$a Elektronika-Kamus =850 ##$$a NBPNMAT